| 000 | 01370nam1a22003011i 4500 | ||
|---|---|---|---|
| 001 | v19\rc\1892890 | ||
| 005 | 20240726101646.0 | ||
| 035 | _a(NLR Aleph) 005263073 | ||
| 090 |
_a5921429 _c5921429 |
||
| 100 | _a20080221d1911 |||y0rusy50 ca | ||
| 101 | 0 | _arus | |
| 102 | _aRU | ||
| 105 | _a z ||||| | ||
| 200 | 1 |
_aОбщий тариф на перевозку грузов по российским железным дорогам _eВведен в действие с 1 июня 1911 г. _fК.В. Быков, нач. Товар. отд. Сл. движения Николаев. ж. д. |
|
| 205 | _a2-е изд. Ч. 1- | ||
| 210 |
_aСанкт-Петербург _cСкл. изд. у К.В. Быкова _d[1911] |
||
| 215 | _d18 | ||
| 300 | _aЗагл. обл.: Общий тариф российских железных дорог | ||
| 512 | 0 | _aОбщий тариф российских железных дорог | |
| 532 | 1 | 3 | _aОбщий тариф на перевозку грузов по российским железным дорогам |
| 700 | 1 |
_aБыков _bК.В. _gКонстантин Викторович |
|
| 801 | 0 |
_aRU _bNLR _c20080221 _gpsbo |
|
| 801 | 0 |
_aRU _bRuMoRGB _c20080221 _2psbo |
|
| 801 | 1 |
_aRU _bProSoft-M _c20080221 _2rusmarc |
|
| 801 | 2 |
_aRU _bNLR _c20080627 _2rusmarc |
|
| 852 |
_aNLR _j38.35.5.55 |
||
| 942 | _cBOOK | ||